Schnelle Mathematik - Zahlen Level 10 - Statistiken

Allgemein
  • Dieses Quiz wurde 2.225 mal gespielt
  • Das Durchschnittsergebnis liegt bei 23 aus 40
Antwortstatistiken
Nummer % Korrekt
1
100%
2
98%
3
97%
4
96%
5
96%
6
94%
7
93%
8
93%
9
92%
10
88%
11
86%
12
83%
13
83%
14
82%
15
80%
16
79%
17
78%
18
75%
19
72%
20
66%
21
62%
22
57%
23
53%
24
51%
25
48%
26
45%
27
42%
28
38%
29
37%
30
29%
31
24%
32
22%
33
18%
34
14%
35
12%
36
11%
37
9%
38
7%
39
6%
40
3%
Keine übereinstimmenden Quizze gefunden
Verteilung der Resultate
Anzahl Personen mit jedem Resultat
Perzentil nach korrekt beantworteten Fragen
Ihre Resultats-Entwicklung
Sie haben dieses Quiz noch nicht gespielt